Política empresarial: con análisis de casos
Salvato in:
| Autore principale: | |
|---|---|
| Natura: | Libro |
| Lingua: | spagnolo |
| Pubblicazione: |
Ciudad de México
McGraw-Hill
1979
|
| Soggetti: | |
| Tags: |
Aggiungi Tag
Nessun Tag, puoi essere il primo ad aggiungerne!!
|
MARC
| LEADER | 00000nam a2200000 a 4500 | ||
|---|---|---|---|
| 001 | UCR9198 | ||
| 003 | CL-VaPUC | ||
| 008 | 980613e19790000MX |||||||||||||||||spa|d | ||
| 082 | 0 | 4 | |a 658.401 |b MCN |2 21 |
| 100 | |a McNichols, Thomas J. |e autor |9 412241 | ||
| 245 | 1 | 0 | |a Política empresarial: con análisis de casos |
| 300 | |a 150 p | ||
| 942 | |c BK | ||
| 945 | |d 19980613 00:00:00 |a cmena | ||
| 260 | |a Ciudad de México |b McGraw-Hill |c 1979 | ||
| 600 | 0 | 7 | |a GENERAL MOTORS |2 CL-VaPUC |9 411455 |
| 600 | 0 | 7 | |a ELECTRIC STEEL CORPORATION |2 CL-VaPUC |9 411456 |
| 600 | 0 | 7 | |a FORD MOTOR COMPANY |2 CL-VaPUC |9 411457 |
| 600 | 0 | 7 | |a GENERAL ELECTRIC |2 CL-VaPUC |9 411458 |
| 650 | 0 | |a Administración de empresas |9 260833 | |
| 650 | 0 | |a Planificación estratégica |9 259735 | |
| 650 | 0 | |a Gestión |9 260993 | |
| 650 | 0 | |a Análisis de sistemas |9 260059 | |
| 650 | 0 | |a Operaciones administrativas |9 335045 | |
| 583 | |a last modification |c 19980613 00:00:00 |k Rodrigo Vera | ||
| 999 | |c 270400 |d 270398 | ||
| 952 | |0 0 |1 0 |4 0 |6 658_401000000000000_MCN_1979 |7 0 |8 A |9 304678 |a BIBENE |b BIBENE |d 2019-11-20 |i 1410636 |o 658.401 MCN 1979 |p 1410636 |r 2025-01-15 |w 2019-11-20 |y BK |k ICO | ||